| 000 | 00720cam a2200193 i 4500 | ||
|---|---|---|---|
| 005 | 20251221090625.0 | ||
| 008 | 250721s2009 jo gr 000 0 ara d | ||
| 082 | 1 | 4 |
_a216.917 _bج ب ر |
| 100 | 1 |
_aجبر، دندل _eمؤلف. |
|
| 245 | 1 | 2 |
_aالشورى و أهل الحل و العقد في السياسة الشرعية / _cالاستاذة دندل جبر . |
| 250 | _aالطبعه الاولى ؛ مزيدة و منقحة | ||
| 264 | 3 | 1 |
_aعمان : _bالأكاديميون للنشر و التوزيع، _c2009. |
| 300 | _a263 صفحة. | ||
| 650 | 1 | 7 | _aالاسلام. |
| 650 | 1 | 7 | _aالاحكام السلطانيه. |
| 650 | 1 | 7 | _aالشورى. |
| 942 |
_2ddc _cBK |
||
| 999 |
_c114402 _d114402 |
||